000
00214 a2200097 4500
001
45884
100
_a
Hezlet A
245
_a
Aircraft and sea power
260
_a
New York
_b
Skin and day
_c
090
_c
28986
_d
28986
942
_a
NUST-CAE
_c
M
_c
21097
999
_c
280957
_d
280957